000 00996nac a22002897a 4500
001 BR8708644
003 BR-BrBNA
005 20240105120649.0
008 230509b bl.|||m| |||| 00| 0 por d
040 _aBR-BrBNA
_bpor
_cBiblioteca Nacional de Agricultura
072 _aL02
090 _a5213 BR8708644
100 1 _aDode, M.A.N.
100 1 _aEncarnacao, R. de O.
100 1 _aRosa, G.O. da
100 1 _aSilva, A.E.D.F. da
110 1 _aCentro Nacional de Pesquisa de Gado de Corte, Campo Grande, MS (Brasil)
_91771
245 1 _aEfeito do desmame interrompido sobre a fertilidade de vacas de corte
246 1 _a[Effect of interrupted weaning over cow's fertility]
260 3 _aCampo Grande, MS (Brasil):
_c1987.
300 _a5 p.
490 _aPesquisa em Andamento - Centro Nacional de Pesquisa de Gado de Corte (Brazil)
_vno. 39
_xISSN 0100-7858
650 _aBEZERRO
650 _aDESMAMA
909 _a202312
_bLúcia Elande
_c55
_dLúcia Elande
942 _2AGRIS
_n0
_cMS
999 _c280765
_d280765